[Event "Russian Women's Higher League 2021"]
[Site "?"]
[Date "2021.07.03"]
[Round "7.3"]
[White "Ovod, Evgenija"]
[Black "Bivol, Alina"]
[Result "1-0"]
[WhiteElo "2322"]
[BlackElo "2374"]
[Annotator ""]
[Source ""]
[Remark ""]

1.e4 {[%clk 1:30:57]} e6 {[%clk 1:30:40]} 2.d4 {[%clk 1:31:21]}
d5 {[%clk 1:31:05]} 3.Nd2 {[%clk 1:31:46]} c5 {[%clk 1:29:56]}
4.Ngf3 {[%clk 1:32:07]} cxd4 {[%clk 1:30:12]} 5.Nxd4 {[%clk 1:32:29]}
Nf6 {[%clk 1:30:27]} 6.exd5 {[%clk 1:32:44]} Nxd5 {[%clk 1:29:39]}
7.c3 {[%clk 1:33:07]} Be7 {[%clk 1:22:50]} 8.N2f3 {[%clk 1:33:27]}
Nc6 {[%clk 1:20:39]} 9.Nxc6 {[%clk 1:30:28]} bxc6 {[%clk 1:20:17]}
10.Bd3 {[%clk 1:30:53]} Qc7 {[%clk 1:18:00]} 11.O-O {[%clk 1:30:43]}
h6 {[%clk 1:12:38]} 12.Re1 {[%clk 1:19:47]} O-O {[%clk 1:06:40]}
13.a3 {[%clk 1:04:30]} Rd8 {[%clk 0:45:55]} 14.Qc2 {[%clk 1:02:14]}
Bf6 {[%clk 0:43:51]} 15.g3 {[%clk 0:55:56]} e5 {[%clk 0:40:05]}
16.c4 {[%clk 0:41:08]} Ne7 {[%clk 0:39:45]} 17.Be3 {[%clk 0:41:29]}
Rb8 {[%clk 0:31:10]} 18.Be4 {[%clk 0:32:52]} c5 {[%clk 0:27:24]}
19.Rad1 {[%clk 0:25:44]} Bg4 {[%clk 0:23:18]} 20.Rxd8+ {[%clk 0:17:16]}
Rxd8 {[%clk 0:23:42]} 21.b4 {[%clk 0:17:41]} cxb4 {[%clk 0:22:15]}
22.axb4 {[%clk 0:18:08]} Nc6 {[%clk 0:22:05]} 23.b5 {[%clk 0:11:50]}
Bxf3 {[%clk 0:19:58]} 24.Bxf3 {[%clk 0:11:17]} Nd4 {[%clk 0:20:12]}
25.Bxd4 {[%clk 0:10:40]} exd4 {[%clk 0:20:36]} 26.Bd5 {[%clk 0:09:18]}
Qa5 {[%clk 0:18:22]} 27.Kf1 {[%clk 0:07:03]} Qc7 {[%clk 0:13:55]}
28.h4 {[%clk 0:03:19]} Qd7 {[%clk 0:13:25]} 29.Kg2 {[%clk 0:03:34]}
Qd6 {[%clk 0:09:27]} 30.h5 {[%clk 0:03:02]} Qb4 {[%clk 0:06:14]}
31.Kf1 {[%clk 0:02:47]} Qd6 {[%clk 0:04:37]} 32.Qe4 {[%clk 0:02:02]}
Qd7 {[%clk 0:03:18]} 33.Kg2 {[%clk 0:02:25]} Rf8 {[%clk 0:02:37]}
34.Re2 {[%clk 0:01:46]} Qc8 {[%clk 0:02:28]} 35.Ra2 {[%clk 0:01:37]}
Qd7 {[%clk 0:01:27]} 36.Ra6 {[%clk 0:01:16]} Kh8 {[%clk 0:01:16]}
37.Bc6 {[%clk 0:00:59]} Qc7 {[%clk 0:01:18]} 38.Qf5 {[%clk 0:01:06]}
Bg5 {[%clk 0:00:36]} 39.Be4 {[%clk 0:01:14]} g6 {[%clk 0:01:02]}
40.hxg6 {[%clk 0:30:53]} f6 {[%clk 0:30:52]} 41.f4 {[%clk 0:26:54]}
Qg7 {[%clk 0:28:02]} 42.Rd6 {[%clk 0:25:26]} 1-0

[Event "Russian Women's Higher League 2021"]
[Site "?"]
[Date "2021.07.03"]
[Round "7.4"]
[White "Zherebtsova, Alexandra"]
[Black "Galliamova, Alisa"]
[Result "1/2-1/2"]
[WhiteElo "2155"]
[BlackElo "2442"]
[Annotator ""]
[Source ""]
[Remark ""]

1.d4 {[%clk 1:30:58]} d5 {[%clk 1:30:56]} 2.c4 c6 3.Nf3 Nf6 4.g3
dxc4 5.Bg2 b5 6.Ne5 {[%clk 1:30:01]} Bb7 {[%clk 1:31:51]} 7.b3
{[%clk 1:25:42]} cxb3 {[%clk 1:31:22]} 8.axb3 {[%clk 1:26:11]}
e6 {[%clk 1:30:18]} 9.O-O {[%clk 1:26:17]} Be7 {[%clk 1:24:28]}
10.Bb2 {[%clk 1:12:45]} O-O {[%clk 1:22:43]} 11.Nc3 {[%clk 1:07:16]}
Qb6 {[%clk 1:19:01]} 12.Qc2 {[%clk 0:56:34]} Na6 {[%clk 1:06:49]}
13.Ne4 {[%clk 0:46:20]} Nb4 {[%clk 1:05:17]} 14.Qb1 {[%clk 0:39:26]}
Rad8 {[%clk 1:02:28]} 15.Rc1 Nxe4 16.Bxe4 f5 17.Bg2 {[%clk 0:34:50]}
Bf6 {[%clk 0:34:24]} 18.Rc5 {[%clk 0:23:41]} Be7 19.Rc1 Bd6 20.Nd3
Nxd3 21.Qxd3 a5 22.Rc2 e5 23.Qe3 e4 24.f3 f4 25.gxf4 exf3 26.Bxf3
Bxf4 {[%clk 0:09:51]} 27.Qe6+ {[%clk 0:02:02]} Kh8 {[%clk 0:10:01]}
28.Kh1 {[%clk 0:02:21]} Qc7 {[%clk 0:04:05]} 29.d5 {[%clk 0:01:51]}
Rde8 {[%clk 0:03:57]} 30.Qg4 {[%clk 0:01:20]} Be5 {[%clk 0:03:59]}
31.Rg1 {[%clk 0:00:49]} Bxb2 {[%clk 0:03:38]} 32.Rxb2 {[%clk 0:01:16]}
cxd5 {[%clk 0:03:35]} 33.Rc2 {[%clk 0:01:33]} Qf7 {[%clk 0:01:58]}
34.Qd4 {[%clk 0:01:27]} a4 {[%clk 0:01:40]} 35.bxa4 {[%clk 0:01:33]}
bxa4 {[%clk 0:02:00]} 36.Qxa4 {[%clk 0:01:15]} Rxe2 {[%clk 0:01:09]}
37.Rxe2 {[%clk 0:00:39]} Qxf3+ {[%clk 0:01:33]} 38.Reg2 {[%clk 0:00:55]}
d4 {[%clk 0:01:22]} 39.Qxd4 {[%clk 0:00:38]} Qxg2+ {[%clk 0:01:32]}
40.Rxg2 {[%clk 0:31:04]} Rf1+ {[%clk 0:31:54]} 41.Qg1 {[%clk 0:31:33]}
Bxg2+ {[%clk 0:31:46]} 42.Kxg2 {[%clk 0:31:59]} Rxg1+ {[%clk 0:32:12]}
43.Kxg1 {[%clk 0:32:26]} g6 {[%clk 0:29:21]} 44.Kg2 {[%clk 0:31:18]}
Kg7 {[%clk 0:27:58]} 45.Kg3 {[%clk 0:30:39]} Kf6 {[%clk 0:27:56]}
46.Kf4 {[%clk 0:28:51]} g5+ {[%clk 0:24:49]} 47.Kg4 {[%clk 0:26:51]}
Kg6 {[%clk 0:25:13]} 48.Kg3 {[%clk 0:26:41]} Kf5 {[%clk 0:21:41]}
49.Kf3 {[%clk 0:23:45]} h5 {[%clk 0:20:27]} 50.Kg3 {[%clk 0:13:07]}
Ke4 {[%clk 0:19:59]} 51.Kg2 {[%clk 0:12:04]} Kf4 {[%clk 0:11:17]}
52.Kf2 {[%clk 0:09:52]} Ke4 {[%clk 0:07:39]} 53.Ke2 {[%clk 0:09:03]}
Kd4 {[%clk 0:06:39]} 54.Kd2 {[%clk 0:06:58]} g4 {[%clk 0:06:01]}
55.Ke2 {[%clk 0:06:36]} h4 {[%clk 0:03:32]} 56.Kf2 {[%clk 0:06:17]}
Kd3 {[%clk 0:03:39]} 57.Kg2 {[%clk 0:04:24]} Ke3 {[%clk 0:03:54]}
58.Kf1 {[%clk 0:01:52]} Kf3 {[%clk 0:03:27]} 59.Kg1 {[%clk 0:02:11]}
Ke2 {[%clk 0:03:15]} 60.Kg2 {[%clk 0:02:27]} h3+ {[%clk 0:02:57]}
61.Kg1 {[%clk 0:02:00]} Kf3 {[%clk 0:03:10]} 62.Kh1 {[%clk 0:02:10]} 1/2-1/2

[Event "Russian Women's Higher League 2021"]
[Site "?"]
[Date "2021.07.03"]
[Round "7.5"]
[White "Voit, Daria"]
[Black "Goltseva, Ekaterina"]
[Result "1-0"]
[WhiteElo "2354"]
[BlackElo "2272"]
[Annotator ""]
[Source ""]
[Remark ""]

1.d4 {[%clk 1:29:10]} e6 {[%clk 1:30:41]} 2.g3 {[%clk 1:27:21]}
Nf6 {[%clk 1:28:52]} 3.Bg2 {[%clk 1:27:20]} d5 {[%clk 1:25:00]}
4.c4 {[%clk 1:27:32]} dxc4 {[%clk 1:25:20]} 5.Nf3 {[%clk 1:23:58]}
a6 {[%clk 1:24:26]} 6.O-O {[%clk 1:24:19]} Nc6 {[%clk 1:24:42]}
7.Be3 {[%clk 1:24:32]} Nd5 {[%clk 1:24:28]} 8.Qc1 {[%clk 1:23:26]}
Be7 {[%clk 1:22:20]} 9.Qxc4 {[%clk 1:23:20]} Nxe3 {[%clk 1:22:41]}
10.fxe3 {[%clk 1:23:47]} O-O {[%clk 1:22:33]} 11.a3 {[%clk 1:23:49]}
Rb8 {[%clk 1:16:24]} 12.Nbd2 {[%clk 1:22:55]} Bd7 {[%clk 1:00:47]}
13.Rac1 {[%clk 1:20:31]} Bd6 {[%clk 0:51:11]} 14.Ne4 {[%clk 1:05:42]}
Ne7 {[%clk 0:43:05]} 15.Qd3 {[%clk 0:51:05]} Bb5 {[%clk 0:37:52]}
16.Qd2 {[%clk 0:48:58]} Ng6 {[%clk 0:33:06]} 17.Ne1 {[%clk 0:40:35]}
e5 {[%clk 0:25:48]} 18.Nd3 {[%clk 0:34:41]} b6 {[%clk 0:09:08]}
19.Qc2 {[%clk 0:31:26]} f5 {[%clk 0:06:54]} 20.Nxd6 {[%clk 0:27:48]}
cxd6 {[%clk 0:07:20]} 21.a4 {[%clk 0:25:27]} Bxd3 {[%clk 0:06:33]}
22.Qxd3 {[%clk 0:25:34]} e4 {[%clk 0:06:44]} 23.Qxa6 {[%clk 0:25:20]}
d5 {[%clk 0:06:15]} 24.Qb5 {[%clk 0:22:41]} Kh8 {[%clk 0:06:16]}
25.Rc3 {[%clk 0:20:27]} h5 {[%clk 0:05:01]} 26.Bh3 {[%clk 0:17:01]}
Ne7 {[%clk 0:04:58]} 27.Rfc1 {[%clk 0:16:11]} Qd6 {[%clk 0:05:05]}
28.Rc7 {[%clk 0:16:28]} Qh6 {[%clk 0:04:37]} 29.R1c3 {[%clk 0:15:22]}
Qg5 {[%clk 0:04:37]} 30.Qd7 {[%clk 0:14:34]} Rf7 {[%clk 0:03:24]}
31.Rc8+ {[%clk 0:08:08]} Rxc8 {[%clk 0:03:24]} 32.Rxc8+ {[%clk 0:08:37]}
Kh7 {[%clk 0:01:24]} 33.Kf2 {[%clk 0:08:57]} h4 {[%clk 0:01:03]}
34.Rc7 {[%clk 0:03:49]} hxg3+ {[%clk 0:01:08]} 35.hxg3 {[%clk 0:04:17]}
Qf6 {[%clk 0:01:06]} 36.Ke1 {[%clk 0:03:02]} Qg6 {[%clk 0:00:35]}
37.Kf2 {[%clk 0:01:37]} Qf6 {[%clk 0:00:50]} 38.Kg2 {[%clk 0:01:35]}
g6 {[%clk 0:00:35]} 39.Rb7 {[%clk 0:01:42]} Qg5 {[%clk 0:00:35]}
40.Qe6 {[%clk 0:31:32]} Kg7 {[%clk 0:30:44]} 41.Kf2 {[%clk 0:31:06]}
Kf8 {[%clk 0:25:14]} 42.Rxb6 {[%clk 0:28:01]} Qh5 {[%clk 0:19:44]}
43.Rb8+ {[%clk 0:28:05]} Kg7 {[%clk 0:20:03]} 44.Qe5+ {[%clk 0:28:30]}
 1-0

[Event "Russian Women's Higher League 2021"]
[Site "?"]
[Date "2021.07.03"]
[Round "7.6"]
[White "Getman, Tatyana"]
[Black "Nasyrova, Ekaterina"]
[Result "1-0"]
[WhiteElo "2201"]
[BlackElo "2149"]
[Annotator ""]
[Source ""]
[Remark ""]

1.d4 {[%clk 1:30:57]} d5 {[%clk 1:30:48]} 2.c4 {[%clk 1:31:20]}
e6 {[%clk 1:31:10]} 3.Nc3 {[%clk 1:31:43]} Nf6 {[%clk 1:31:30]}
4.cxd5 {[%clk 1:32:04]} exd5 {[%clk 1:31:52]} 5.Bg5 {[%clk 1:32:25]}
Be7 {[%clk 1:32:10]} 6.e3 {[%clk 1:32:29]} c6 {[%clk 1:32:29]}
7.Qc2 {[%clk 1:32:35]} O-O {[%clk 1:32:40]} 8.Bd3 {[%clk 1:32:57]}
Nbd7 {[%clk 1:32:54]} 9.Nf3 {[%clk 1:32:58]} Re8 {[%clk 1:33:06]}
10.O-O {[%clk 1:33:08]} h6 {[%clk 1:30:49]} 11.Bf4 {[%clk 1:33:12]}
Nf8 {[%clk 1:30:16]} 12.h3 {[%clk 1:33:01]} Ne6 {[%clk 1:26:34]}
13.Bg3 {[%clk 1:32:30]} Bd7 {[%clk 1:23:56]} 14.Rad1 {[%clk 1:31:40]}
Rc8 {[%clk 1:21:13]} 15.Ne5 {[%clk 1:27:51]} b5 {[%clk 1:15:47]}
16.Bf5 {[%clk 1:21:09]} b4 {[%clk 0:55:48]} 17.Na4 {[%clk 1:20:12]}
Qa5 {[%clk 0:46:59]} 18.b3 {[%clk 1:10:38]} Red8 {[%clk 0:35:36]}
19.Nxd7 {[%clk 1:01:38]} Rxd7 {[%clk 0:35:21]} 20.Be5 {[%clk 1:00:36]}
Rdd8 {[%clk 0:21:52]} 21.Nc5 {[%clk 0:54:57]} Nxc5 {[%clk 0:19:49]}
22.Bxc8 {[%clk 0:54:01]} Rxc8 {[%clk 0:16:55]} 23.Bxf6 {[%clk 0:48:30]}
Bxf6 {[%clk 0:17:15]} 24.Qxc5 {[%clk 0:47:26]} Qxc5 {[%clk 0:17:06]}
25.dxc5 {[%clk 0:47:51]} Bc3 {[%clk 0:17:06]} 26.Rd3 {[%clk 0:45:56]}
Kf8 {[%clk 0:13:18]} 27.Rfd1 {[%clk 0:43:15]} Rd8 {[%clk 0:11:39]}
28.f3 {[%clk 0:41:36]} Ke7 {[%clk 0:11:49]} 29.Kf2 {[%clk 0:41:15]}
Ke6 {[%clk 0:11:45]} 30.g4 {[%clk 0:38:51]} a5 {[%clk 0:07:41]}
31.a4 {[%clk 0:37:47]} Bf6 {[%clk 0:01:42]} 32.f4 {[%clk 0:32:52]}
Bc3 {[%clk 0:01:36]} 33.Kf3 {[%clk 0:32:05]} f5 {[%clk 0:01:22]}
34.Rg1 {[%clk 0:24:37]} Rd7 {[%clk 0:01:29]} 35.Rdd1 {[%clk 0:23:06]}
Re7 {[%clk 0:01:32]} 36.Ke2 {[%clk 0:17:02]} Rf7 {[%clk 0:00:51]}
37.Kd3 {[%clk 0:17:10]} Rd7 {[%clk 0:00:59]} 38.Rdf1 {[%clk 0:17:28]}
Rd8 {[%clk 0:01:07]} 39.h4 {[%clk 0:17:01]} Kf6 {[%clk 0:00:48]}
40.gxf5 {[%clk 0:39:33]} Kxf5 {[%clk 0:31:07]} 41.h5 {[%clk 0:39:50]}
Bf6 {[%clk 0:26:30]} 42.Rg6 {[%clk 0:38:26]} Re8 {[%clk 0:19:57]}
43.Rfg1 {[%clk 0:31:05]} d4 {[%clk 0:18:43]} 44.exd4 {[%clk 0:30:59]}
Re4 {[%clk 0:18:54]} 45.Rxf6+ {[%clk 0:30:47]} gxf6 {[%clk 0:19:17]}
46.d5 {[%clk 0:30:55]} cxd5 {[%clk 0:19:25]} 47.c6 {[%clk 0:29:52]}
Re8 {[%clk 0:13:12]} 48.c7 {[%clk 0:29:30]} Rc8 {[%clk 0:04:30]}
49.Rc1 {[%clk 0:29:54]} Ke6 {[%clk 0:03:46]} 50.Kd4 {[%clk 0:30:18]}
Kd6 {[%clk 0:04:01]} 51.Rc2 {[%clk 0:30:42]} 1-0

[Event "Russian Women's Higher League 2021"]
[Site "?"]
[Date "2021.07.03"]
[Round "7.8"]
[White "Garifullina, Leya"]
[Black "Solozhenkina, Elizaveta"]
[Result "1/2-1/2"]
[WhiteElo "2399"]
[BlackElo "2306"]
[Annotator ""]
[Source ""]
[Remark ""]

1.e4 {[%clk 1:30:55]} c5 {[%clk 1:30:51]} 2.Nf3 {[%clk 1:31:16]}
d6 {[%clk 1:31:15]} 3.d4 {[%clk 1:31:40]} cxd4 {[%clk 1:31:40]}
4.Nxd4 {[%clk 1:32:04]} Nf6 {[%clk 1:32:03]} 5.Nc3 {[%clk 1:32:28]}
a6 {[%clk 1:32:26]} 6.h3 {[%clk 1:32:52]} e5 {[%clk 1:32:50]}
7.Nde2 {[%clk 1:33:16]} b5 {[%clk 1:33:12]} 8.Ng3 {[%clk 1:33:35]}
h6 {[%clk 1:11:45]} 9.a4 {[%clk 1:26:34]} b4 {[%clk 1:07:32]}
10.Nd5 {[%clk 1:25:58]} Nxd5 {[%clk 1:07:36]} 11.Qxd5 {[%clk 1:26:16]}
Ra7 {[%clk 1:08:00]} 12.Bc4 {[%clk 1:23:32]} Be6 {[%clk 1:05:42]}
13.Qd3 {[%clk 1:23:48]} Bxc4 {[%clk 0:56:03]} 14.Qxc4 {[%clk 1:23:49]}
Rc7 {[%clk 0:56:23]} 15.Qxb4 {[%clk 1:15:17]} Nc6 {[%clk 0:55:10]}
16.Qb6 {[%clk 1:10:20]} Nd4 {[%clk 0:44:34]} 17.O-O {[%clk 1:10:06]}
Qc8 {[%clk 0:44:18]} 18.Ra3 {[%clk 0:59:34]} d5 {[%clk 0:31:35]}
19.Rc3 {[%clk 0:57:14]} Bc5 {[%clk 0:31:58]} 20.Qa5 {[%clk 0:54:07]}
O-O {[%clk 0:32:26]} 21.Kh1 {[%clk 0:41:45]} Rd8 {[%clk 0:24:13]}
22.Be3 {[%clk 0:37:11]} Rd6 {[%clk 0:10:22]} 23.b4 {[%clk 0:24:45]}
Bb6 {[%clk 0:09:10]} 24.Rxc7 {[%clk 0:25:12]} Bxc7 {[%clk 0:09:31]}
25.Qc5 {[%clk 0:25:33]} Ne6 {[%clk 0:08:19]} 26.Nf5 {[%clk 0:24:58]}
Qd8 {[%clk 0:06:07]} 27.Qa7 {[%clk 0:24:13]} d4 {[%clk 0:05:54]}
28.Nxd6 {[%clk 0:20:00]} dxe3 {[%clk 0:06:21]} 29.Qxe3 {[%clk 0:19:32]}
Qxd6 {[%clk 0:06:35]} 30.c3 {[%clk 0:19:16]} h5 {[%clk 0:03:12]}
31.h4 {[%clk 0:17:46]} g6 {[%clk 0:03:16]} 32.a5 {[%clk 0:17:29]}
Kg7 {[%clk 0:03:29]} 33.g3 {[%clk 0:17:28]} Bd8 {[%clk 0:02:26]}
34.Qf3 {[%clk 0:16:47]} Be7 {[%clk 0:01:35]} 35.Rd1 {[%clk 0:16:17]}
Qc6 {[%clk 0:02:01]} 36.Qd3 {[%clk 0:16:36]} Kf8 {[%clk 0:01:43]}
37.Kg1 {[%clk 0:16:34]} Qc8 {[%clk 0:01:14]} 38.Qf3 {[%clk 0:14:38]}
Qc7 {[%clk 0:00:48]} 39.Rd5 {[%clk 0:14:20]} f6 {[%clk 0:00:34]}
40.Qe3 {[%clk 0:42:58]} Kf7 {[%clk 0:30:45]} 41.Qd3 {[%clk 0:42:34]}
Qc6 {[%clk 0:29:48]} 42.Qf3 {[%clk 0:36:34]} Nc7 {[%clk 0:26:00]}
43.Rd2 {[%clk 0:31:44]} Nb5 {[%clk 0:23:37]} 44.Rd3 {[%clk 0:30:53]}
Qc4 {[%clk 0:17:00]} 45.Qe3 {[%clk 0:31:04]} Nd6 {[%clk 0:11:50]}
46.f3 {[%clk 0:31:05]} Qc8 {[%clk 0:10:44]} 47.Kg2 {[%clk 0:31:10]}
Nb5 {[%clk 0:08:40]} 48.Qh6 {[%clk 0:29:42]} Qc4 {[%clk 0:04:15]}
49.Qh7+ {[%clk 0:27:50]} Kf8 {[%clk 0:04:43]} 50.Qh8+ {[%clk 0:25:49]}
Kf7 {[%clk 0:04:51]} 51.Qh7+ {[%clk 0:25:46]} Kf8 {[%clk 0:05:17]}
52.Qh6+ {[%clk 0:22:24]} Kf7 {[%clk 0:05:41]} 53.Qh7+ {[%clk 0:21:16]}
Kf8 {[%clk 0:05:47]} 1/2-1/2

[Event "Russian Women's Higher League 2021"]
[Site "?"]
[Date "2021.07.03"]
[Round "7.9"]
[White "Kovalevskaya, Ekaterina"]
[Black "Nosacheva, Mariya"]
[Result "1/2-1/2"]
[WhiteElo "2382"]
[BlackElo "2226"]
[Annotator ""]
[Source ""]
[Remark ""]

1.Nf3 {[%clk 1:30:55]} Nf6 {[%clk 1:30:44]} 2.g3 {[%clk 1:31:12]}
g6 {[%clk 1:31:10]} 3.Bg2 {[%clk 1:31:37]} Bg7 {[%clk 1:31:35]}
4.O-O {[%clk 1:31:54]} O-O {[%clk 1:32:00]} 5.d4 {[%clk 1:32:00]}
d5 {[%clk 1:32:24]} 6.c4 {[%clk 1:31:46]} c6 {[%clk 1:32:46]}
7.cxd5 {[%clk 1:30:39]} cxd5 {[%clk 1:33:08]} 8.Nc3 {[%clk 1:31:05]}
Nc6 {[%clk 1:32:33]} 9.Ne5 {[%clk 1:31:19]} Bf5 {[%clk 1:30:32]}
10.Nxc6 {[%clk 1:27:00]} bxc6 {[%clk 1:30:54]} 11.Bf4 {[%clk 1:26:42]}
Ne4 {[%clk 1:25:34]} 12.Na4 {[%clk 1:18:38]} Rc8 {[%clk 1:08:18]}
13.Rc1 {[%clk 1:18:22]} Re8 {[%clk 1:05:33]} 14.b3 {[%clk 0:59:38]}
h6 {[%clk 0:59:15]} 15.f3 {[%clk 0:44:01]} Nd6 {[%clk 0:57:36]}
16.g4 {[%clk 0:34:22]} Bd7 {[%clk 0:55:41]} 17.Nc5 {[%clk 0:34:39]}
Nb5 {[%clk 0:49:34]} 18.e3 {[%clk 0:34:19]} e5 {[%clk 0:49:50]}
19.dxe5 {[%clk 0:34:33]} Bxe5 {[%clk 0:50:03]} 20.Bxe5 {[%clk 0:27:31]}
Rxe5 {[%clk 0:50:26]} 21.e4 {[%clk 0:25:54]} g5 {[%clk 0:41:52]}
22.f4 {[%clk 0:18:00]} gxf4 {[%clk 0:42:17]} 23.Rxf4 {[%clk 0:17:53]}
d4 {[%clk 0:42:41]} 24.Bf1 {[%clk 0:06:17]} Qg5 {[%clk 0:40:48]}
25.Nxd7 {[%clk 0:05:57]} Qxf4 {[%clk 0:41:12]} 26.Nxe5 {[%clk 0:06:19]}
Qxe5 {[%clk 0:41:32]} 27.Bxb5 {[%clk 0:03:58]} Qxb5 {[%clk 0:41:57]}
28.Qxd4 {[%clk 0:03:57]} Qg5 {[%clk 0:42:21]} 29.Rf1 {[%clk 0:04:05]}
Rd8 {[%clk 0:41:20]} 30.Qc4 {[%clk 0:02:01]} Qxg4+ {[%clk 0:35:17]}
31.Kh1 {[%clk 0:02:28]} Qh5 {[%clk 0:35:29]} 32.Qxc6 {[%clk 0:00:54]}
Rd1 {[%clk 0:35:52]} 33.Qf6 {[%clk 0:00:48]} Kf8 {[%clk 0:31:17]}
34.Qf2 {[%clk 0:00:44]} Rxf1+ {[%clk 0:22:42]} 35.Qxf1 {[%clk 0:01:12]}
Qg4 {[%clk 0:23:03]} 36.Qd3 {[%clk 0:01:10]} Ke7 {[%clk 0:23:13]}
37.a4 {[%clk 0:00:39]} a5 {[%clk 0:19:14]} 38.h3 {[%clk 0:00:48]}
Qg5 {[%clk 0:16:58]} 39.Kh2 {[%clk 0:00:59]} h5 {[%clk 0:16:24]}
40.Qf3 {[%clk 0:30:37]} h4 {[%clk 0:45:39]} 41.Qd3 {[%clk 0:26:48]}
Ke6 {[%clk 0:37:16]} 42.Kh1 {[%clk 0:16:27]} Ke7 {[%clk 0:37:22]}
43.Qc3 {[%clk 0:14:01]} Qf4 {[%clk 0:34:46]} 44.Qc5+ {[%clk 0:12:51]}
Ke6 {[%clk 0:33:31]} 45.Qd5+ Ke7 {[%clk 0:33:49]} 46.Qd3 {[%clk 0:11:08]}
Qg5 {[%clk 0:33:36]} 47.Kh2 {[%clk 0:07:37]} Ke6 {[%clk 0:33:35]}
48.Qc4+ {[%clk 0:07:38]} Ke7 {[%clk 0:33:49]} 49.Qc7+ {[%clk 0:07:25]}
Ke6 {[%clk 0:33:04]} 50.Qc8+ {[%clk 0:06:30]} Ke7 {[%clk 0:33:02]}
51.Qc7+ {[%clk 0:04:15]} Ke6 {[%clk 0:33:19]} 52.Kh1 {[%clk 0:04:13]}
Qe3 {[%clk 0:31:03]} 53.Qc8+ {[%clk 0:04:06]} Ke7 {[%clk 0:31:05]}
54.Qc7+ {[%clk 0:03:42]} Ke6 {[%clk 0:30:11]} 55.Qc8+ {[%clk 0:04:07]}
Ke7 {[%clk 0:29:48]} 56.Qg4 {[%clk 0:03:53]} Qc1+ {[%clk 0:28:41]}
57.Kg2 {[%clk 0:03:11]} Qc2+ {[%clk 0:28:26]} 58.Kh1 {[%clk 0:02:40]}
Qb1+ {[%clk 0:28:45]} 59.Kg2 {[%clk 0:02:36]} Qc2+ {[%clk 0:29:07]}
60.Kf1 {[%clk 0:02:32]} Qb1+ {[%clk 0:27:50]} 61.Kg2 {[%clk 0:01:40]}
Qc2+ {[%clk 0:26:56]} 1/2-1/2

[Event "Russian Women's Higher League 2021"]
[Site "?"]
[Date "2021.07.03"]
[Round "7.10"]
[White "Shafigullina, Zarina"]
[Black "Afonasieva, Anna"]
[Result "1/2-1/2"]
[WhiteElo "2244"]
[BlackElo "2323"]
[Annotator ""]
[Source ""]
[Remark ""]

1.d4 {[%clk 1:30:39]} d5 {[%clk 1:30:53]} 2.Nf3 {[%clk 1:31:04]}
Nf6 {[%clk 1:31:17]} 3.c4 {[%clk 1:31:28]} c6 {[%clk 1:31:42]}
4.Nc3 {[%clk 1:31:53]} dxc4 {[%clk 1:29:35]} 5.a4 {[%clk 1:32:17]}
Bf5 {[%clk 1:29:55]} 6.Ne5 {[%clk 1:32:42]} e6 {[%clk 1:27:34]}
7.f3 {[%clk 1:33:04]} Bb4 {[%clk 1:27:15]} 8.e4 {[%clk 1:33:28]}
Bg6 {[%clk 1:26:38]} 9.Bxc4 {[%clk 1:18:58]} Nbd7 {[%clk 1:23:53]}
10.Nd3 {[%clk 1:12:39]} Be7 {[%clk 1:17:19]} 11.a5 {[%clk 1:08:40]}
O-O {[%clk 1:14:54]} 12.Be3 {[%clk 1:03:52]} Rc8 {[%clk 1:13:52]}
13.b4 {[%clk 1:01:39]} Nd5 {[%clk 1:05:59]} 14.Bxd5 {[%clk 0:45:20]}
cxd5 {[%clk 1:02:26]} 15.Qb3 {[%clk 0:41:58]} dxe4 {[%clk 0:58:45]}
16.fxe4 {[%clk 0:40:28]} Nf6 {[%clk 0:58:41]} 17.Nf2 {[%clk 0:35:40]}
Qc7 {[%clk 0:58:38]} 18.Kd2 {[%clk 0:25:19]} Qc4 {[%clk 0:54:44]}
19.Rab1 {[%clk 0:25:25]} Rfd8 {[%clk 0:54:07]} 20.Rhc1 {[%clk 0:23:24]}
Qxb3 {[%clk 0:42:41]} 21.Rxb3 {[%clk 0:23:50]} Rc4 {[%clk 0:42:56]}
22.b5 {[%clk 0:19:30]} Bb4 {[%clk 0:41:06]} 23.Kd3 {[%clk 0:17:54]}
Rdc8 {[%clk 0:40:55]} 24.a6 {[%clk 0:15:13]} bxa6 {[%clk 0:34:38]}
25.bxa6 {[%clk 0:13:38]} Ba5 {[%clk 0:19:33]} 26.Ra3 {[%clk 0:11:35]}
Bxc3 {[%clk 0:13:59]} 27.Raxc3 {[%clk 0:10:21]} Nxe4 {[%clk 0:12:03]}
28.Nxe4 {[%clk 0:06:59]} Bxe4+ {[%clk 0:12:26]} 29.Kd2 {[%clk 0:07:25]}
Rxc3 {[%clk 0:11:37]} 30.Rxc3 {[%clk 0:07:51]} Rxc3 {[%clk 0:11:12]}
31.Kxc3 {[%clk 0:08:12]} Bxg2 {[%clk 0:11:30]} 32.Kb4 {[%clk 0:08:11]}
Kf8 {[%clk 0:10:00]} 33.Bf4 {[%clk 0:07:55]} f5 {[%clk 0:08:54]}
34.Bb8 {[%clk 0:07:38]} Bd5 {[%clk 0:08:33]} 35.Bxa7 {[%clk 0:06:22]}
g5 {[%clk 0:07:44]} 36.Bb8 {[%clk 0:06:32]} h5 {[%clk 0:07:29]}
37.h4 {[%clk 0:03:18]} gxh4 {[%clk 0:06:08]} 38.Kc3 {[%clk 0:03:08]}
Kf7 {[%clk 0:04:56]} 39.Kd3 {[%clk 0:03:27]} Kg6 {[%clk 0:05:05]}
40.Bf4 {[%clk 0:33:33]} h3 {[%clk 0:35:26]} 41.Ke3 {[%clk 0:30:45]}
h4 {[%clk 0:34:27]} 42.Kf2 {[%clk 0:17:34]} Kh5 {[%clk 0:33:08]}
43.Kg1 {[%clk 0:17:37]} Kg4 {[%clk 0:32:50]} 44.Bd2 {[%clk 0:17:24]}
Kf3 {[%clk 0:29:38]} 45.Kh2 {[%clk 0:17:39]} Ke2 {[%clk 0:25:21]}
46.Bg5 {[%clk 0:16:02]} Bg2 {[%clk 0:24:10]} 47.Bxh4 {[%clk 0:13:19]}
f4 {[%clk 0:23:19]} 48.a7 {[%clk 0:12:55]} Ba8 {[%clk 0:14:23]}
49.Kxh3 {[%clk 0:12:45]} f3 {[%clk 0:14:44]} 50.Kg4 {[%clk 0:12:50]}
Ke3 {[%clk 0:15:01]} 51.Be1 {[%clk 0:07:10]} Kxd4 {[%clk 0:13:16]}
52.Bf2+ {[%clk 0:07:25]} Ke4 {[%clk 0:13:10]} 53.Kg3 {[%clk 0:07:42]}
e5 {[%clk 0:13:02]} 54.Bb6 {[%clk 0:07:58]} Kd3 {[%clk 0:13:27]}
55.Kf2 {[%clk 0:08:24]} 1/2-1/2